Mario Kart Tour - Liste des pilotes - Statistiques

Statistiques générales
  • Ce quiz a été pris 103 fois
  • Le résultat moyen est 32 sur 134
Statistiques - réponses
Réponse % Correct
Mario
99%
Peach
91%
Luigi
90%
Yoshi
86%
Toad
83%
Bowser
79%
Waluigi
79%
Wario
79%
Daisy
74%
Bébé Mario
69%
Donkey Kong
68%
Bébé Luigi
67%
Bébé Daisy
64%
Bébé Peach
64%
Toadette
64%
Harmonie
62%
Koopa
62%
Maskass
62%
Bowser Jr.
58%
Diddy Kong
58%
Skelerex
58%
Birdo
56%
Roi Boo
56%
Bébé Harmonie
51%
Ludwig
47%
Iggy
46%
Morton
46%
Pauline
46%
Lemmy
45%
Wendy
45%
Larry
44%
Mario de Métal
44%
Funky Kong
42%
Roy
42%
Lakitu
38%
Bowser Skelet
37%
Peach d'Or Rose
33%
Kamek
32%
Peach Chat
29%
Roi Bob-Omb
29%
Dixie Kong
28%
Frère Marto
28%
Yoshi Rouge
28%
Peachette
26%
Yoshi Bleu
26%
Yoshi Noir
24%
Mario Tanuki
23%
Yoshi Blanc
22%
Frère Pyro
21%
Maskass Noir
21%
Frère Cryo
19%
Topi Taupe
19%
Yoshi Rose
19%
Birdo (Bleu)
17%
Frère Boomerang
17%
Birdo (Jaune)
15%
Carottin
15%
Mario de Glace
15%
Birdo (Noir)
14%
Toad (Stand)
14%
Mario (Hakama)
13%
Mario (Musicien)
13%
Maskass Vert
13%
Capitaine Toad
12%
Luigi Pingouin
12%
Maskass Rose
12%
Roi Bob-Omb (Or)
12%
Roi Boo (Luigi's Mansion)
12%
Mario Pingouin
9%
Maskass (Or)
9%
Maskass (Pâtissier)
9%
Pauline (Soirée)
9%
Peach (Kimono)
9%
Roi Boo (Or)
9%
Skelerex (Or)
9%
Daisy (Mère Noël)
8%
Harmonie (Aurore)
8%
Harmonie de Feu
8%
Harmonie (Halloween)
8%
Mario (Happi)
8%
Peach (Vacancière)
8%
Toad Chat
8%
Waluigi (Vampire)
8%
Wario (Campeur)
8%
Yoshi (Renne)
8%
Bébé Mario (Koala)
6%
Birdo (Bleu Ciel)
6%
Daisy (Fée)
6%
Daisy (Maillot de Bain)
6%
Harmonie (Maillot de Bain)
6%
Koopa Rouge (Course)
6%
Lakitu (Soirée)
6%
Luigi (Classique)
6%
Mario (Classique)
6%
Mario (Halloween)
6%
Mario (Maillot de Bain)
6%
Mario (Père Noël)
6%
Mario (SNES)
6%
Maskass Ninja
6%
Peach (Mariée)
6%
Toad Pingouin
6%
Toad (Soirée)
6%
Waluigi (Chauffeur)
6%
Bowser Jr. (Pirate)
5%
Bowser Skelet (Or)
5%
Koopa Bleu (Course)
5%
Mario Ouvrier
5%
Mario (Sunshine)
5%
Toadette (Exploratrice)
5%
Toad Jaune (Stand)
5%
Daisy (Yukata)
4%
Donkey Kong Jr. (SNES)
4%
Harmonie Tanuki
4%
Luigi (Bavarois)
4%
Mario (Smoking)
4%
Pauline (Roses Rouges)
4%
Peach (Exploratrice)
4%
Peach (Halloween)
4%
Peach (Happi)
4%
Peach (Hivernale)
4%
Wario (Cow-Boy)
4%
Bébé Peach (Chérubin)
3%
Bowser (Père Noël)
3%
Koopa Doré (Course)
3%
Luigi Ouvrier
3%
Mario (Chef)
3%
Yoshi (Chasse aux oeufs)
3%
Yoshi (Kangourou)
3%
Bébé Harmonie (Détective)
1%
Luigi (Peintre)
1%
Mario (Baseball)
1%
Mario (Pilote de Course)
1%
Toadette Ouvrière
1%
Toad Ouvrier
1%
Aucun quiz correspondant
Distribution des résultats
% des personnes avec chaque résultat
Percentile par nombre de réponses
Votre historique - résultats
Vous n’avez pas pris ce quiz